[Event "2023 Welsh Open"]
[Site "Cardiff"]
[Date "2023.04.07"]
[Round "2.5"]
[White "Jakubiak, Krzysztof"]
[Black "Gibbs, Dominic"]
[Result "1/2-1/2"]
[WhiteElo "1585"]
[BlackElo "1848"]
[Annotator "Paul,Hatchett"]
[PlyCount "150"]
[EventDate "2023.04.07"]
[EventRounds "7"]
[EventCountry "WLS"]

1. d4 e6 {[%emt 0:00:10]} 2. c4 {[%emt 0:00:08]} f5 {[%emt 0:00:06]} 3. g3 {[%emt 0:01:13]} Nf6 {[%emt 0:00:10]} 4. Bg2 {[%emt 0:00:07]} d5 {[%emt 0:01:00]} 5. Nc3 {[%emt 0:04:26]} c6 {[%emt 0:00:08]} 6. cxd5 {[%emt 0:00:45]} exd5 {[%emt 0:01:32]} 7. Nf3 {[%emt 0:03:25]} Bd6 {[%emt 0:00:38]} 8. Qc2 {[%emt 0:03:18]} O-O {[%emt 0:01:23]} 9. O-O {[%emt 0:03:30]} Ne4 {[%emt 0:01:41]} 10. h4 {[%emt 0:07:39]} Nd7 {[%emt 0:01:56]} 11. Bg5 {[%emt 0:06:13]} Nxg5 {[%emt 0:01:37]} 12. Nxg5 {[%emt 0:00:07]} Nf6 {[%emt 0:00:24]} 13. e3 {[%emt 0:04:12]} h6 {[%emt 0:03:24]} 14. Nh3 {[%emt 0:00:26]} Ne4 {[%emt 0:01:38]} 15. Ne2 {[%emt 0:04:24]} g5 {[%emt 0:02:33]} 16. hxg5 {[%emt 0:02:26]} hxg5 {[%emt 0:00:18]} 17. f4 {[%emt 0:00:54]} g4 {[%emt 0:08:44]} 18. Nf2 {[%emt 0:00:25]} Nxf2 {[%emt 0:00:54]} 19. Kxf2 {[%emt 0:00:35]} Qe7 {[%emt 0:01:03]} 20. Rae1 {[%emt 0:01:23]} Be6 {[%emt 0:04:02]} 21. Rh1 {[%emt 0:05:48]} Kg7 {[%emt 0:01:47]} 22. Rh5 {[%emt 0:06:35]} Qf7 {[%emt 0:09:05]} 23. Reh1 {[%emt 0:04:58]} Rh8 {[%emt 0:00:14]} 24. Rxh8 {[%emt 0:01:29]} Rxh8 {[%emt 0:00:19]} 25. Rxh8 {[%emt 0:00:26]} Kxh8 {[%emt 0:00:10]} 26. Nc1 {[%emt 0:00:18]} Kg7 {[%emt 0:02:54]} 27. Nd3 {[%emt 0:00:22]} Kf6 {[%emt 0:01:36]} 28. a3 {[%emt 0:03:33]} Bc8 {[%emt 0:06:37]} 29. Ne5 {[%emt 0:06:58]} Qc7 {[%emt 0:04:25]} 30. Qc1 {[%emt 0:07:44]} Qh7 {[%emt 0:08:08]} 31. Nd3 {[%emt 0:03:22]} Be6 {[%emt 0:10:44]} 32. Ne5 {[%emt 0:04:06]} Bg8 {[%emt 0:06:36]} 33. Qc3 {[%emt 0:02:18]} Qc7 {[%emt 0:04:12]} 34. Qe1 {[%emt 0:01:05]} a6 {[%emt 0:04:32]} 35. Qh1 {[%emt 0:03:20]} Qh7 {[%emt 0:00:16]} 36. Qe1 {[%emt 0:01:09]} Ke6 {[%emt 0:02:54]} 37. Qa5 {[%emt 0:01:26]} Qc7 {[%emt 0:01:01]} 38. Qc3 {[%emt 0:01:29]} Ke7 {[%emt 0:04:20]} 39. Qc1 {[%emt 0:02:23]} Kd8 {[%emt 0:02:24]} 40. Qc2 {[%emt 0:02:09]} Be6 {[%emt 0:01:29]} 41. Nd3 {[%emt 0:00:44]} Qa5 {[%emt 0:06:40]} 42. Nc5 {[%emt 0:01:00]} Bc8 {[%emt 0:04:36]} 43. Bf1 {[%emt 0:00:59]} Qc7 {[%emt 0:01:00]} 44. Nd3 {[%emt 0:01:42]} Qh7 {[%emt 0:04:49]} 45. Ne5 {[%emt 0:00:39]} Qe7 {[%emt 0:00:53]} 46. Bd3 {[%emt 0:03:04]} Qh7 {[%emt 0:00:24]} 47. Bf1 {[%emt 0:00:06]} Qe7 {[%emt 0:01:25]} 48. Ke1 {[%emt 0:01:03]} c5 {[%emt 0:01:56]} 49. Bg2 {[%emt 0:01:58]} Be6 {[%emt 0:01:04]} 50. Qd2 {[%emt 0:08:49]} c4 {[%emt 0:00:53]} 51. Bxd5 {[%emt 0:02:12]} Bxd5 {[%emt 0:01:16]} 52. Qa5+ {[%emt 0:00:02]} Qc7 {[%emt 0:02:41]} 53. Qxd5 {[%emt 0:00:14]} c3 {[%emt 0:01:40]} 54. Qg8+ {[%emt 0:06:13]} Ke7 {[%emt 0:00:03]} 55. Qf7+ {[%emt 0:00:08]} Kd8 {[%emt 0:00:08]} 56. Qxc7+ {[%emt 0:00:11]} Kxc7 {[%emt 0:00:01]} 57. bxc3 {[%emt 0:00:11]} Bxa3 {[%emt 0:00:14]} 58. Kd2 {[%emt 0:00:14]} b5 {[%emt 0:01:29]} 59. Kc2 {[%emt 0:01:24]} Kd6 {[%emt 0:02:30]} 60. c4 {[%emt 0:02:47]} Bb4 {[%emt 0:00:55]} 61. Nd3 {[%emt 0:01:57]} Ba5 {[%emt 0:00:42]} 62. cxb5 {[%emt 0:02:04]} axb5 {[%emt 0:00:17]} 63. Kc1 {[%emt 0:03:02]} Kd5 {[%emt 0:00:58]} 64. Kd1 {[%emt 0:01:15]} b4 {[%emt 0:02:09]} 65. Nc5 {[%emt 0:00:37]} Kc4 {[%emt 0:02:35]} 66. Kc2 {[%emt 0:00:11]} b3+ {[%emt 0:00:35]} 67. Nxb3 {[%emt 0:00:07]} Be1 {[%emt 0:00:09]} 68. Nd2+ {[%emt 0:00:24]} Kd5 {[%emt 0:00:14]} 69. Kd3 {[%emt 0:00:13]} Bxg3 {[%emt 0:00:23]} 70. Nf1 {[%emt 0:00:08]} Bh4 {[%emt 0:00:26]} 71. Ke2 {[%emt 0:00:29]} Ke6 {[%emt 0:01:12]} 72. Kd3 {[%emt 0:01:55]} g3 {[%emt 0:01:29]} 73. Nxg3 {[%emt 0:00:44]} Bxg3 {[%emt 0:00:02]} 74. e4 Bxf4 {[%emt 0:00:26]} 75. exf5+ {[%emt 0:00:19]} Kxf5 {[%emt 0:00:02] Ke4+ Ke5+ Kd3+ Kf5} 1/2-1/2

[Event "2023 Welsh Open"]
[Site "Cardiff"]
[Date "2023.04.07"]
[Round "2.6"]
[White "Jones, Jeremy"]
[Black "Harris, Calum"]
[Result "0-1"]
[WhiteElo "1580"]
[BlackElo "1828"]
[Annotator "Paul,Hatchett"]
[PlyCount "86"]
[EventDate "2023.04.07"]
[EventRounds "7"]
[EventCountry "WLS"]

1. d4 {[%emt 0:00:02]} Nf6 {[%emt 0:00:05]} 2. c4 {[%emt 0:00:28]} g6 {[%emt 0:00:31]} 3. Nc3 {[%emt 0:00:27]} Bg7 {[%emt 0:00:19]} 4. e4 {[%emt 0:00:52]} d6 {[%emt 0:00:05]} 5. Nf3 {[%emt 0:01:01]} O-O {[%emt 0:00:43]} 6. Be2 {[%emt 0:00:42]} c6 {[%emt 0:00:26]} 7. O-O {[%emt 0:00:44]} Nbd7 {[%emt 0:00:11]} 8. e5 {[%emt 0:02:59]} Ne8 {[%emt 0:01:56]} 9. Bf4 {[%emt 0:00:25]} dxe5 {[%emt 0:01:34]} 10. dxe5 {[%emt 0:01:26]} Nc7 {[%emt 0:01:52]} 11. Qc2 {[%emt 0:03:48]} Ne6 {[%emt 0:01:22]} 12. Bg3 {[%emt 0:00:31]} Qc7 {[%emt 0:01:53]} 13. Qe4 {[%emt 0:02:59]} b6 {[%emt 0:00:42]} 14. b4 {[%emt 0:01:04]} Bb7 {[%emt 0:00:24]} 15. Qe3 {[%emt 0:00:36]} Rad8 {[%emt 0:03:18]} 16. Rad1 {[%emt 0:03:15]} c5 {[%emt 0:02:58]} 17. Nd5 {[%emt 0:01:24]} Bxd5 {[%emt 0:07:36]} 18. cxd5 {[%emt 0:04:34]} Nd4 {[%emt 0:01:39]} 19. d6 {[%emt 0:03:06]} exd6 {[%emt 0:01:41]} 20. exd6 {[%emt 0:00:49]} Qc6 {[%emt 0:04:50]} 21. bxc5 {[%emt 0:01:49]} bxc5 {[%emt 0:02:11]} 22. Nxd4 {[%emt 0:03:52]} Bxd4 {[%emt 0:01:14]} 23. Qf3 {[%emt 0:06:44]} Qxf3 {[%emt 0:24:29]} 24. Bxf3 {[%emt 0:00:30]} f6 {[%emt 0:00:30]} 25. Bd5+ {[%emt 0:03:11]} Kg7 {[%emt 0:00:35]} 26. Rb1 {[%emt 0:07:09]} Nb6 {[%emt 0:15:31]} 27. Be6 {[%emt 0:04:26]} f5 {[%emt 0:02:23]} 28. Bf4 {[%emt 0:03:16]} Kf6 {[%emt 0:01:17]} 29. Rfe1 {[%emt 0:04:40]} g5 {[%emt 0:00:45]} 30. Be3 {[%emt 0:01:49]} Bxe3 {[%emt 0:02:26]} 31. Rxe3 {[%emt 0:00:23]} Rxd6 {[%emt 0:00:06]} 32. Bxf5 {[%emt 0:01:08]} Nc4 {[%emt 0:01:04]} 33. Rc3 {[%emt 0:04:42]} Nd2 {[%emt 0:01:04]} 34. Rbc1 {[%emt 0:01:29]} Kxf5 {[%emt 0:01:57]} 35. Rxc5+ {[%emt 0:02:53]} Kg6 {[%emt 0:01:06]} 36. g3 {[%emt 0:05:13]} Re8 {[%emt 0:02:58]} 37. Rc6 {[%emt 0:02:47]} Ree6 {[%emt 0:00:37]} 38. Rxd6 {[%emt 0:00:26]} Rxd6 {[%emt 0:00:05]} 39. Kg2 {[%emt 0:00:33]} Ne4 {[%emt 0:01:09]} 40. Kf3 {[%emt 0:01:12]} Nf6 {[%emt 0:00:31]} 41. Rc2 {[%emt 0:00:49]} Rd3+ {[%emt 0:00:15]} 42. Ke2 {[%emt 0:00:42]} Ra3 {[%emt 0:00:11]} 43. f3 {[%emt 0:00:24]} Nd5 {[%emt 0:00:39]} 0-1

[Event "2023 Welsh Open"]
[Site "Cardiff"]
[Date "2023.04.07"]
[Round "2.9"]
[White "Greco, Joseph"]
[Black "Wu, Yuxuan"]
[Result "0-1"]
[WhiteElo "1730"]
[BlackElo "1577"]
[PlyCount "98"]
[EventDate "2023.04.07"]
[SourceVersionDate "2023.04.13"]

1. d4 Nf6 2. e3 e6 3. Bd3 b6 4. f4 Bb7 5. Nf3 c5 6. c3 Be7 7. O-O O-O 8. Nbd2 d5 9. Ne5 Nbd7 10. Ndf3 Rc8 11. Nxd7 Nxd7 12. g4 Qc7 13. Qe1 Rfe8 14. Ng5 Bxg5 15. fxg5 Nf8 16. Qf2 Re7 17. h4 e5 18. dxe5 Qxe5 19. Bd2 Rd8 20. Rae1 Bc8 21. e4 Qe6 22. Qf5 dxe4 23. Qxe4 Qxe4 24. Bxe4 Rxe4 25. Rxe4 Rxd2 26. Re7 Be6 27. Rxa7 Rxb2 28. Rd1 Rxa2 29. Rxa2 Bxa2 30. Rd6 Be6 31. Rxb6 Nd7 32. Rc6 Kf8 33. Rc8+ Ke7 34. Rh8 Nf8 35. Kf2 Bxg4 36. Ke3 Be6 37. h5 f6 38. Kf4 Kf7 39. Ke4 fxg5 40. Ke5 g4 41. Kf4 g6 42. h6 g5+ 43. Kg3 Bf5 44. Kf2 Ne6 45. Rc8 Kg6 46. Kg3 Kxh6 47. Rg8 Kh5 48. Re8 Kg6 49. c4 h5 0-1

[Event "2023 Welsh Open"]
[Site "Cardiff"]
[Date "2023.04.07"]
[Round "2.10"]
[White "Jansen Van Rensburg, Leon"]
[Black "Cave, Iwan"]
[Result "0-1"]
[WhiteElo "1512"]
[BlackElo "1711"]
[PlyCount "78"]
[EventDate "2023.04.07"]
[SourceVersionDate "2023.04.13"]

1. e4 c5 2. Nc3 Nc6 3. f4 g6 4. Nf3 Bg7 5. Bc4 e6 6. O-O Nge7 7. Qe1 O-O 8. d3 b6 9. Bb3 Bb7 10. Qh4 Nd4 11. f5 gxf5 12. Bh6 Ng6 13. Qh5 Bxh6 14. Qxh6 Qf6 15. Ng5 Qg7 16. Qxg7+ Kxg7 17. exf5 Nxf5 18. g4 Nd4 19. Rf2 f5 20. gxf5 Rxf5 21. Rxf5 Nxf5 22. Ba4 h6 23. Nge4 d5 24. Nf2 a6 25. Bb3 Rg8 26. Na4 Kf7 27. Kf1 c4 28. dxc4 dxc4 29. Nxb6 cxb3 30. axb3 Nf4 31. Ra4 e5 32. Nd7 Ne3+ 33. Ke1 Nxc2+ 34. Kd2 Rd8 35. Kxc2 Rxd7 36. Ng4 Ke6 37. Nxh6 Rd4 38. Rc4 Be4+ 39. Kc3 Nd5# 0-1

[Event "2023 Welsh Open"]
[Site "Cardiff"]
[Date "2023.04.07"]
[Round "2.12"]
[White "Hollyman, Mike"]
[Black "Chong, Kimberly"]
[Result "1/2-1/2"]
[WhiteElo "1418"]
[BlackElo "1682"]
[PlyCount "107"]
[EventDate "2023.04.07"]
[SourceVersionDate "2023.04.13"]

1. c4 e5 2. Nc3 Nc6 3. g3 Nf6 4. Bg2 Bc5 5. e3 O-O 6. Nge2 Re8 7. O-O e4 8. f3 exf3 9. Bxf3 Ne5 10. d4 Nxf3+ 11. Rxf3 Bb4 12. a3 Bxc3 13. Nxc3 d5 14. Qf1 c6 15. cxd5 cxd5 16. Bd2 Bg4 17. Rxf6 Qxf6 18. Qxf6 gxf6 19. Nxd5 Re6 20. Nc7 Rc8 21. Nxe6 Rc2 22. Rc1 Rxc1+ 23. Bxc1 fxe6 24. Kf2 Kf7 25. e4 Ke7 26. Ke3 Kd6 27. Bd2 Kc6 28. Bb4 Kb5 29. Be7 f5 30. Kf4 Kc4 31. Bf6 h5 32. b3+ Kxb3 33. d5 fxe4 34. d6 e5+ 35. Kxe4 Kxa3 36. Kxe5 Kb4 37. Be7 Kb5 38. Kd4 Kc6 39. Kc3 Kd5 40. Kb4 Ke4 41. Kc5 Kf3 42. Bd8 Kg2 43. Bc7 Bd7 44. Bb8 a5 45. Kb6 a4 46. Bc7 a3 47. Bd8 a2 48. Bf6 Kxh2 49. Be5 Kg2 50. Kxb7 Bg4 51. Kc7 Kf3 52. d7 Bxd7 53. Kxd7 a1=Q 54. Bxa1 1/2-1/2

[Event "2023 Welsh Open"]
[Site "Cardiff"]
[Date "2023.04.07"]
[Round "2.11"]
[White "Dixon, Chris"]
[Black "Macdonald, Duncan"]
[Result "0-1"]
[WhiteElo "1700"]
[BlackElo "1566"]
[PlyCount "100"]
[EventDate "2023.04.07"]
[SourceVersionDate "2023.04.13"]

1. Nf3 d5 2. g3 c5 3. Bg2 Nc6 4. O-O e5 5. d3 Nf6 6. Nbd2 Be6 7. e4 d4 8. Re1 h6 9. Nc4 Nd7 10. a4 Be7 11. Nfd2 g5 12. c3 Qc7 13. Nf1 Nb6 14. Na3 a6 15. c4 O-O-O 16. Bd2 Nb4 17. Bxb4 cxb4 18. Nb1 Kb8 19. Nbd2 Nd7 20. Nb3 Rdg8 21. Qd2 g4 22. a5 h5 23. Ra4 h4 24. Rxb4 Bxb4 25. Qxb4 hxg3 26. fxg3 Rf8 27. Qd2 f5 28. exf5 Bxf5 29. Nc1 Rhg8 30. b4 Rf6 31. Nb3 Be6 32. Qb2 Rgf8 33. Re2 Qd6 34. Nbd2 Bf5 35. Qb1 R8f7 36. c5 Qf8 37. c6 bxc6 38. Nc4 Be6 39. Nxe5 Nxe5 40. Rxe5 Bd5 41. Qe1 Qd6 42. Re8+ Kb7 43. b5 cxb5 44. Bxd5+ Qxd5 45. Re7+ Kc6 46. Qc1+ Qc5 47. Qxc5+ Kxc5 48. Rxf7 Rxf7 49. Nd2 Kb4 50. Kg2 Kc3 0-1

[Event "2023 Welsh Open"]
[Site "Cardiff"]
[Date "2023.04.07"]
[Round "2.13"]
[White "Bridges, Paul"]
[Black "Bickford, Ben"]
[Result "1/2-1/2"]
[WhiteElo "1751"]
[BlackElo "1482"]
[PlyCount "63"]
[EventDate "2023.04.07"]
[SourceVersionDate "2023.04.13"]

1. e4 e5 2. Nc3 Nc6 3. f4 exf4 4. Nf3 Be7 5. h4 d6 6. d3 Ne5 7. Bxf4 Nxf3+ 8. Qxf3 Bxh4+ 9. g3 Bg5 10. O-O-O Nh6 11. Re1 a5 12. e5 Bxf4+ 13. gxf4 dxe5 14. Rxe5+ Kf8 15. Bh3 Bxh3 16. Rxh3 b6 17. Qh1 f6 18. Re2 Kf7 19. Ne4 Re8 20. Rg2 a4 21. a3 Rg8 22. Qd1 Qd7 23. Rh1 Qd5 24. Kb1 b5 25. Rh5 f5 26. Ng5+ Kg6 27. Qh1 Qxg2 28. Qxg2 Kxh5 29. Qh1+ Kg6 30. Qc6+ Kh5 31. Qh1+ Kg6 32. Qc6+ 1/2-1/2

[Event "2023 Welsh Open"]
[Site "Cardiff"]
[Date "2023.04.07"]
[Round "2.14"]
[White "Smith, Chris"]
[Black "Yoganand"]
[Result "0-1"]
[WhiteElo "1460"]
[BlackElo "2178"]
[PlyCount "48"]
[EventDate "2023.04.07"]
[SourceVersionDate "2023.04.13"]

1. d4 d5 2. c4 c6 3. Nf3 e6 4. Nc3 f5 5. e3 Bd6 6. Bd3 Nf6 7. cxd5 exd5 8. O-O O-O 9. Rb1 Qe7 10. Qa4 Ne4 11. Bd2 Rf6 12. b4 Rh6 13. h3 b5 14. Qb3 Be6 15. a3 g5 16. Qd1 g4 17. hxg4 fxg4 18. Nxe4 dxe4 19. Bxe4 gxf3 20. g3 Bh3 21. Qb3+ Qf7 22. Qxf7+ Kxf7 23. Rfc1 Bg2 24. Bxc6 Rh1# 0-1

[Event "2023 Welsh Open"]
[Site "Cardiff"]
[Date "2023.04.07"]
[Round "2.15"]
[White "Szakmany, Bence"]
[Black "Buttell, David"]
[Result "1-0"]
[WhiteElo "1561"]
[BlackElo "1691"]
[PlyCount "43"]
[EventDate "2023.04.07"]
[SourceVersionDate "2023.04.14"]

1. e4 c5 2. Nf3 d6 3. d4 cxd4 4. Nxd4 Nf6 5. Nc3 g6 6. Be3 Bg7 7. f3 Nc6 8. Qd2 O-O 9. g4 Be6 10. Nxe6 fxe6 11. O-O-O Ne5 12. Be2 Rc8 13. g5 Nh5 14. f4 Nc4 15. Bxc4 Rxc4 16. f5 Qa5 17. f6 exf6 18. Qxd6 Rc6 19. Qe7 Qc7 20. Rd7 Qe5 21. Rf1 f5 22. Bd4 1-0

[Event "2023 Welsh Open"]
[Site "Cardiff"]
[Date "2023.04.07"]
[Round "2.16"]
[White "Quinn, Peter"]
[Black "White, Sam"]
[Result "1-0"]
[WhiteElo "1684"]
[BlackElo "1444"]
[PlyCount "89"]
[EventDate "2023.04.07"]
[SourceVersionDate "2023.04.14"]

1. e4 d6 2. d4 Nf6 3. Nc3 g6 4. f4 e6 5. Nf3 Bg7 6. Bd3 O-O 7. O-O Nc6 8. h3 Nb4 9. Be2 d5 10. e5 Nd7 11. a3 Nc6 12. Be3 Ne7 13. g4 a6 14. Qd2 f5 15. exf6 Bxf6 16. Bd3 Nb6 17. Ne2 Nc4 18. Bxc4 dxc4 19. Ng3 Nd5 20. Bf2 b5 21. Ne4 Be7 22. Bg3 Bd6 23. Ne5 Bb7 24. Rae1 Nf6 25. Nxf6+ Rxf6 26. Bh4 Bd5 27. c3 Be7 28. Bxf6 Bxf6 29. Kh2 Qd6 30. Qe3 Rf8 31. Re2 Bg7 32. Ref2 Bh6 33. Qg3 Be4 34. Re1 Bd5 35. f5 Bg7 36. fxg6 hxg6 37. Rxf8+ Qxf8 38. Kg1 Qd6 39. Qf4 Bxe5 40. Qxe5 Qxe5 41. Rxe5 Kf7 42. Kf2 Kf6 43. Ke3 g5 44. Kf2 Bc6 45. Rc5 1-0

[Event "2023 Welsh Open"]
[Site "Cardiff"]
[Date "2023.04.07"]
[Round "2.17"]
[White "Rovaretti, David"]
[Black "Emblem, Mark"]
[Result "1-0"]
[WhiteElo "1641"]
[BlackElo "1403"]
[PlyCount "45"]
[EventDate "2023.04.07"]
[SourceVersionDate "2023.04.14"]

1. e4 e6 2. d4 d5 3. exd5 exd5 4. c4 Nf6 5. Nc3 Qe7+ 6. Be3 Qb4 7. cxd5 Qa5 8. Bc4 a6 9. Bd2 Qb6 10. Qe2+ Be7 11. Nf3 Qd6 12. Ne4 Nxe4 13. Qxe4 Nd7 14. Bf4 Qb4+ 15. Nd2 Nf6 16. Qe3 Qb6 17. O-O Kd7 18. Bb3 Bd6 19. Nc4 Qa7 20. Ne5+ Bxe5 21. Qxe5 Qb6 22. Rac1 Qd6 23. Rxc7+ 1-0

[Event "2023 Welsh Open"]
[Site "Cardiff"]
[Date "2023.04.07"]
[Round "2.18"]
[White "Westcott, Dale"]
[Black "Hammett, Scott"]
[Result "1-0"]
[WhiteElo "1607"]
[BlackElo "1283"]
[PlyCount "99"]
[EventDate "2023.04.07"]
[SourceVersionDate "2023.04.14"]

1. d4 d5 2. Nf3 e6 3. g3 f5 4. Bg2 Nf6 5. O-O Be7 6. c4 c6 7. Nbd2 O-O 8. Ne5 Bd7 9. Qb3 Qb6 10. c5 Qxb3 11. axb3 Na6 12. Ndf3 Nc7 13. Bg5 Be8 14. Ra4 h6 15. Bxf6 Bxf6 16. Rfa1 a6 17. e3 g5 18. Nd3 Rf7 19. Nfe5 Rg7 20. Rf1 Bh5 21. Bf3 g4 22. Nf4 gxf3 23. Nxh5 Bxe5 24. dxe5 Rg5 25. Nf6+ Kh8 26. Rf4 Ne8 27. h4 Rg6 28. Nd7 Nc7 29. Rxf3 Rg4 30. Rf4 Rag8 31. Nf6 Rxf4 32. exf4 Rg7 33. Rd1 Nb5 34. Ne8 Re7 35. Nd6 h5 36. Kg2 Kg7 37. Kf3 Kf8 38. Ke3 d4+ 39. Kd3 Nc7 40. Nxb7 Nd5 41. Nd8 Nb4+ 42. Kc4 Ke8 43. Kxb4 Kxd8 44. Rxd4+ Kc7 45. Ka5 Kb8 46. Rd8+ Kb7 47. Rh8 Rd7 48. Rxh5 Rd1 49. Rh7+ Kb8 50. Kb6 1-0

[Event "2023 Welsh Open"]
[Site "Cardiff"]
[Date "2023.04.07"]
[Round "2.19"]
[White "Dasselaar, Hendrik"]
[Black "Parri, Deio"]
[Result "0-1"]
[WhiteElo "1297"]
[BlackElo "1597"]
[PlyCount "50"]
[EventDate "2023.04.07"]
[SourceVersionDate "2023.04.14"]

1. e4 e6 2. c4 c6 3. Nc3 Nf6 4. d4 d5 5. cxd5 cxd5 6. exd5 Nxd5 7. Nf3 Be7 8. Bd3 Nd7 9. Qe2 N7f6 10. Bg5 O-O 11. h4 a6 12. Nxd5 Qxd5 13. Bxf6 Bxf6 14. Bxh7+ Kxh7 15. Ng5+ Kg8 16. Qh5 Qf5 17. f4 Qg6 18. Qg4 e5 19. Qg3 exf4 20. Qxf4 Re8+ 21. Kd2 Qf5 22. Qc7 Bxg5+ 23. hxg5 Qxg5+ 24. Kc3 Re3+ 25. Kc4 Qb5# 0-1

[Event "2023 Welsh Open"]
[Site "Cardiff"]
[Date "2023.04.07"]
[Round "2.20"]
[White "Mba, Reginald"]
[Black "Archibald, McKenzie"]
[Result "1-0"]
[WhiteElo "1811"]
[BlackElo "1208"]
[PlyCount "43"]
[EventDate "2023.04.07"]
[SourceVersionDate "2023.04.14"]

1. e4 d5 2. exd5 Nf6 3. Bb5+ Bd7 4. Bc4 c6 5. dxc6 Nxc6 6. Nf3 e5 7. Ng5 Be6 8. Nxe6 fxe6 9. Bxe6 Qb6 10. O-O Nd4 11. Bh3 Bc5 12. Nc3 Qa6 13. d3 O-O 14. Be3 Qc6 15. Ne2 Nxe2+ 16. Qxe2 Bd6 17. g3 Qb5 18. c4 Qc6 19. Bg2 Qd7 20. Rad1 Qc7 21. d4 exd4 22. Bxd4 1-0

[Event "2023 Welsh Open"]
[Site "Cardiff"]
[Date "2023.04.07"]
[Round "2.21"]
[White "Woodcock, Louise"]
[Black "Thomas, Mark"]
[Result "0-1"]
[WhiteElo "1280"]
[BlackElo "1789"]
[PlyCount "110"]
[EventDate "2023.04.07"]
[SourceVersionDate "2023.04.14"]

1. f4 g6 2. d4 Bg7 3. e3 Nf6 4. Nf3 d6 5. c4 O-O 6. Be2 Nbd7 7. O-O Qe8 8. Nc3 c6 9. Bd2 e5 10. Ng5 exd4 11. exd4 h6 12. Nf3 Ng4 13. Qc1 Nb6 14. Re1 Bd7 15. Bd3 Qd8 16. Ne4 Bf5 17. Qc2 d5 18. Nc5 Bxd3 19. Qxd3 Nxc4 20. Rab1 b6 21. Nb3 Qd6 22. Ne5 Nxd2 23. Nxd2 Nf6 24. Rbc1 Rac8 25. Re3 Rfd8 26. g3 c5 27. Kg2 c4 28. Qe2 b5 29. Ndf3 b4 30. Qe1 a5 31. h3 Ne4 32. Rxe4 dxe4 33. Qxe4 c3 34. bxc3 bxc3 35. Rc2 Rc7 36. g4 Rb8 37. Qe2 Qd5 38. Kg3 Re8 39. Qd3 Rec8 40. Ng1 Bxe5 41. fxe5 Qc4 42. Qxc4 Rxc4 43. Ne2 Rb4 44. Kf3 Rb2 45. Rxc3 Rxc3+ 46. Nxc3 Rc2 47. Nd5 Rxa2 48. Nf6+ Kf8 49. Ke4 a4 50. Kd5 Rc2 51. Nd7+ Ke7 52. Nc5 Rxc5+ 53. dxc5 a3 54. c6 a2 55. c7 Kd7 0-1

[Event "2023 Welsh Open"]
[Site "Cardiff"]
[Date "2023.04.07"]
[Round "2.22"]
[White "Davies, Rhys"]
[Black "Binesmael, Mohamed"]
[Result "0-1"]
[WhiteElo "1216"]
[BlackElo "1553"]
[PlyCount "62"]
[EventDate "2023.04.07"]
[SourceVersionDate "2023.04.14"]

1. d4 Nf6 2. Bf4 d5 3. e3 c5 4. c3 Nc6 5. Nd2 Bf5 6. Ngf3 e6 7. Qb3 Qc8 8. Ne5 Nxe5 9. Bxe5 c4 10. Qb5+ Nd7 11. b4 cxb3 12. Qxb3 Nxe5 13. dxe5 a6 14. c4 Be7 15. Rc1 O-O 16. cxd5 Qxc1+ 17. Ke2 exd5 18. g3 Qc7 19. Bg2 Qxe5 20. Bxd5 Be6 21. Bxe6 fxe6 22. Qxb7 Qb5+ 23. Qxb5 axb5 24. Rb1 Rxa2 25. Rxb5 Rd8 26. Re5 Rdxd2+ 27. Ke1 Re2+ 28. Kf1 Rxf2+ 29. Kg1 Rg2+ 30. Kf1 Raf2+ 31. Ke1 Bb4+ 0-1

[Event "2023 Welsh Open"]
[Site "Cardiff"]
[Date "2023.04.07"]
[Round "2.23"]
[White "Fowler, Caspian"]
[Black "Kong, Emma Zihan"]
[Result "1-0"]
[WhiteElo "1546"]
[BlackElo "1223"]
[PlyCount "61"]
[EventDate "2023.04.07"]
[SourceVersionDate "2023.04.14"]

1. e4 c5 2. c3 d6 3. d4 cxd4 4. cxd4 Nf6 5. Nc3 h6 6. Bf4 a6 7. e5 dxe5 8. dxe5 Qxd1+ 9. Rxd1 Nfd7 10. Nd5 Ra7 11. Nc7+ Kd8 12. e6 fxe6 13. Nxe6+ Ke8 14. Bxb8 Nxb8 15. Rd8+ Kf7 16. Rxc8 Kxe6 17. Rxb8 Kd7 18. Bd3 Kc7 19. Re8 Kd7 20. Bg6 h5 21. Nf3 Ke6 22. O-O Kf6 23. Bc2 g5 24. Rd1 b6 25. Rc8 g4 26. Rdd8 gxf3 27. Rxf8+ Rxf8 28. Rxf8+ Kg7 29. Rxf3 Rc7 30. Rc3 Rd7 31. Kf1 1-0

[Event "2023 Welsh Open"]
[Site "Cardiff"]
[Date "2023.04.07"]
[Round "2.24"]
[White "Ramzan, Timur"]
[Black "Graczyk, Piotr"]
[Result "0-1"]
[WhiteElo "1200"]
[BlackElo "1524"]
[PlyCount "78"]
[EventDate "2023.04.07"]
[SourceVersionDate "2023.04.14"]

1. d4 c6 2. c4 d5 3. cxd5 cxd5 4. Nf3 Nc6 5. Nc3 Nf6 6. h3 h6 7. Bf4 a6 8. e3 Bf5 9. a4 Qb6 10. Qd2 Na5 11. Ra2 Nb3 12. Qd1 e6 13. Bd3 Bxd3 14. Qxd3 Nc1 15. Qb1 Nxa2 16. Qxa2 Bb4 17. O-O O-O 18. Re1 Qa5 19. Rc1 Rfc8 20. Qa1 Bxc3 21. Rxc3 Rxc3 22. bxc3 Ne4 23. Ne5 Nxc3 24. Qb2 Qc7 25. Ng6 Ne2+ 26. Qxe2 Qc1+ 27. Kh2 fxg6 28. e4 Qxf4+ 29. g3 Qd6 30. e5 Qb4 31. Qd1 Rf8 32. Kg2 b5 33. axb5 axb5 34. Qg4 Qd2 35. Qxe6+ Kh7 36. h4 Rxf2+ 37. Kh3 Rh2+ 38. Kg4 h5+ 39. Kf3 Qf2# 0-1

[Event "2023 Welsh Open"]
[Site "Cardiff"]
[Date "2023.04.07"]
[Round "2.25"]
[White "Beeston, Darson"]
[Black "Head, Elliot"]
[Result "1-0"]
[WhiteElo "1523"]
[BlackElo "1168"]
[PlyCount "53"]
[EventDate "2023.04.07"]
[SourceVersionDate "2023.04.14"]

1. e4 d6 2. d4 Nf6 3. Nc3 g6 4. Be3 Bg7 5. Qd2 O-O 6. f3 Nbd7 7. O-O-O c6 8. h4 e5 9. dxe5 Nxe5 10. Bf4 Qe7 11. Qxd6 Qxd6 12. Rxd6 Nfd7 13. h5 Nb6 14. hxg6 fxg6 15. Bh6 Nec4 16. Bxc4+ Nxc4 17. Bxg7 Kxg7 18. Rd4 b5 19. Nge2 a5 20. a4 Ba6 21. Rd7+ Rf7 22. Rxh7+ Kxh7 23. Rxf7+ Kh6 24. Rf6 Rc8 25. Nd4 Ne5 26. axb5 cxb5 27. Rxa6 1-0

[Event "2023 Welsh Open"]
[Site "Cardiff"]
[Date "2023.04.07"]
[Round "2.26"]
[White "Sharhorodshy, Yaroslav"]
[Black "Enoch, Kristan"]
[Result "0-1"]
[WhiteElo "1476"]
[BlackElo "1111"]
[PlyCount "87"]
[EventDate "2023.04.07"]
[SourceVersionDate "2023.04.14"]

1. e4 e6 2. Nf3 d5 3. e5 c5 4. d4 Nc6 5. c3 Qb6 6. Be2 Nge7 7. dxc5 Qxc5 8. Be3 Qa5 9. b4 Qc7 10. Bd4 Ng6 11. Bb5 Bd7 12. Bxc6 Bxc6 13. a4 b5 14. a5 a6 15. Nbd2 Be7 16. O-O O-O 17. Qe2 Bb7 18. g3 Rae8 19. h4 f6 20. h5 Nxe5 21. Nxe5 fxe5 22. Bxe5 Qc8 23. h6 g6 24. Bg7 Rf7 25. Qe5 Qd8 26. Rae1 Bf6 27. Bxf6 Qxf6 28. Qxf6 Rxf6 29. f4 Rf7 30. Nb3 Rc7 31. Nc5 Bc8 32. Re5 Kf7 33. Kf2 Kf6 34. Ke3 Rc6 35. Kd4 Re7 36. Rfe1 Rec7 37. g4 Rf7 38. Rxd5 exd5 39. Kxd5 Rfc7 40. Ne4+ Ke7 41. Nd6+ Kd7 42. Ne8 Rb7 43. g5 Rxc3 44. Nf6+ 0-1

[Event "2023 Welsh Open"]
[Site "Cardiff"]
[Date "2023.04.07"]
[Round "2.27"]
[White "Browse, Joseph"]
[Black "Ilett, Tomos"]
[Result "1-0"]
[WhiteElo "1473"]
[BlackElo "950"]
[PlyCount "83"]
[EventDate "2023.04.07"]
[SourceVersionDate "2023.04.14"]

1. e4 e5 2. Nc3 Nf6 3. f4 d6 4. Bc4 Nc6 5. Nf3 Bg4 6. h3 Bxf3 7. Qxf3 Nd4 8. Qd1 c6 9. fxe5 dxe5 10. d3 Bb4 11. O-O b5 12. Bb3 Bc5 13. Kh1 O-O 14. Bg5 Be7 15. Qe1 Qc7 16. Qg3 Nh5 17. Qg4 Bxg5 18. Qxh5 Bf6 19. Ne2 Nxe2 20. Qxe2 a5 21. a3 a4 22. Ba2 Rad8 23. Qg4 Rd6 24. Rf3 Qd7 25. Qg3 Qe7 26. Raf1 Rfd8 27. Qf2 Rf8 28. Kh2 Rfd8 29. g3 h6 30. h4 Kh7 31. Kh3 Qd7+ 32. g4 h5 33. Rf5 hxg4+ 34. Kg3 Qe7 35. Rh5+ Kg8 36. Qf5 g6 37. Qxg6+ Kf8 38. Qxg4 Qa7 39. Qf3 Ke7 40. Rf5 Rg8+ 41. Kh3 Rg7 42. Rxf6 1-0